| 000 | 01379nam0a22003731 4500 | ||
|---|---|---|---|
| 001 | RU\NLR\A1SV\94873 | ||
| 005 | 20251119103855.0 | ||
| 035 | _a(NLR Aleph) 009776226 | ||
| 090 |
_a10076259 _c10076259 |
||
| 100 | _a20090505d1926 u y0rusy50 ca | ||
| 101 | 1 |
_arus _cfre |
|
| 102 | _aRU | ||
| 200 | 1 |
_aОрганизация продовольственного снабжения средствами страны _fЖ.Одибер _gПер. с фр. С.Болотина _gС предисл. А.А.Сперанского |
|
| 210 |
_aМ. _aЛ. _cГос. воен. изд-во _d1926 |
||
| 215 |
_a120 с. _d20 см |
||
| 225 | _aБ-ка иностр. воен. лит. | ||
| 300 | _aНа доб. тит. л.: Le ravitaillement national. (Réunion des ressources du territoire). Ses origines - ses règles générales. Par J.Audibert, contrôleur général de l'Administration de l'armée | ||
| 300 | _aНапеч. в Ленинграде | ||
| 620 | _dМосква | ||
| 620 | _dСанкт-Петербург | ||
| 700 | 1 |
_aОдибер _bЖ. |
|
| 702 | 1 |
_aБолотин _bС. |
|
| 702 | 1 |
_aСперанский _bА.А. |
|
| 801 | 0 |
_aRU _bNLR _c20090505 |
|
| 852 |
_aNLR _j24/76 |
||
| 852 |
_aNLR _j24/76а |
||
| 899 | _aРКП | ||
| 899 | _aРГБ | ||
| 899 | _aГПИБ | ||
| 899 | _aКирОУНБ | ||
| 942 | _cBOOK | ||
| 980 | _aA1SV | ||
| 980 | _aNB | ||